000 00395nam a2200145Ia 4500
008 230711s9999||||xx |||||||||||||| ||und||
041 _aENG
082 _a621
_bDH-R
100 _aDhillon,Balbir SIngh
245 0 _aReliability and maintainability management
250 _a1st
260 _c1987
_aNew Delhi
_bCBS Publishers & Distributors Pvt.Ltd
650 _aMechanical Engineering
942 _cBK
999 _c922
_d922